| Поле | Инд. | ПП | Название | Значение |
|---|---|---|---|---|
| Тип записи | a | |||
| Библиографический уровень | b | |||
| 001 | Контрольный номер | RU/IS/BASE/185562446 | ||
| 005 | Дата корректировки | 20200630211019.3 | ||
| 008 | Кодируемые данные | 20051117 | ||
| 084 | a | Индекс другой классификации/Индекс ББК | 60.561.51в613 | |
| 100 | 1_ | a | Автор | Зайцев Д. В. |
| 245 | a | Заглавие | Социокультурный анализ современных семей разных типов: сравнительный анализ | |
| 504 | a | Библиография | Библиогр. сноски | |
| 650 | a | Основная рубрика | социология | |
| a | Основная рубрика | социология семьи | ||
| 653 | a | Ключевые слова | доход семьи | |
| a | Ключевые слова | многодетные семьи | ||
| a | Ключевые слова | неблагополучные семьи | ||
| a | Ключевые слова | нуклеарная семья | ||
| a | Ключевые слова | образовательный уровень | ||
| a | Ключевые слова | профессиональный уровень | ||
| a | Ключевые слова | Россия | ||
| a | Ключевые слова | семья | ||
| a | Ключевые слова | социокультурный анализ | ||
| a | Ключевые слова | сравнительный анализ | ||
| a | Ключевые слова | типы семей | ||
| 700 | a | Автор | Зайцева О. В. | |
| 773 | t | Заглавие источника | Вестник психосоциальной и коррекционно-реабилитационной работы | |
| d | Дата издания источника | 2005 | ||
| g | Прочая информация | № 3. - С. 53 - 63 | ||
| w | Контрольный № источника | RU/IS/BASE/179497494 | ||
| 901 | t | Тип документа | b |